00540nam a2200193 a 4500001001300000003000900013005001700022008004100039020002300080082001500103100001600118245005700134260004400191300000900235500003500244505003400279650001700313700001600330nice12345678IN_TiNIC20260116014627.0070308s1989 lona grp 000 0 eng  a0195683293 c27500a297.4bCUR aCurrie, P M aThe Shrine and Cult of Mu`in Al-Din Chishti of Ajmer aLondan bOxford University Press c1989 a220p aincludes index and biblioraphy2 aAppendix, Bibliography,Indiex aShrine-Islam1 aCurrie, P M